• 首页
  • 本馆介绍
  • 公告通知
  • 最新文献
  • 馆藏检索
  • 电子资源
  • 读者导购
  • 参考咨询
  • 我的图书馆
  • 登录
  • 详细信息显示
  • 放入我的书架
  • 预约/预借图书
  • 作者相关作品
  • 分类相关作品
  • 丛书相关作品
  • 出版社相关作品

书目信息

  • 表格格式
  • 工作单格式
  • 卡片格式
题名:
数学分析中的“ε-δ(N)” 证题法
    
 
作者: 马保国 编
分册:  
出版信息: 西安   陕西科学技术出版社  2005
页数: 224页
开本: 21cm
丛书名:
单 册:
中图分类: O171
科图分类:
主题词: 极限(数学)
电子资源:
ISBN: 7-5369-3963-9
000 00790nam0 2200229 450
001 003053368
005 20061121092353.65
010    @a7-5369-3963-9@dCNY14.00
100    @a20060104d2005 em y0chiy0110 ea
101 0  @achi
102    @aCN@b610000
105    @ay z 000yy
200 1  @a数学分析中的“ε-δ(N)” 证题法@9shu xue fen xi zhong de “ ε-δ(N) ” zheng ti fa@f马保国编
210    @a西安@c陕西科学技术出版社@d2005
215    @a224页@d21cm
300    @a最新版21世纪高等学校导学与导考教材
330    @a本书重点介绍了用“ε-δ(N)”法证明极限的基本方法,引导读者掌握最基本的极限证明技能,同时对各种证明方法进行了归纳总结等。
606 0  @a极限(数学)
690    @aO171@v4
701  0 @a马保国@9ma bao guo@c(高等数学)@4编
801  0 @aCN@bNLC@c20061121
905    @a10447@dO171@e128
    
    数学分析中的“ε-δ(N)” 证题法/马保国编.-西安:陕西科学技术出版社,2005
    224页;21cm
    最新版21世纪高等学校导学与导考教材
    
    ISBN 7-5369-3963-9:CNY14.00
    本书重点介绍了用“ε-δ(N)”法证明极限的基本方法,引导读者掌握最基本的极限证明技能,同时对各种证明方法进行了归纳总结等。
●
相关链接 在E读中查询图书 在五车中查询图书 在当当中查询图书 在豆瓣中查询图书


正题名:数学分析中的"ε-δ(N)" 证题法     索取号:O171/128         预约/预借

序号 登录号 条形码 馆藏地/架位号 状态 备注
1 0394392   203943929   第二样本阅览室/ [索取号:O171/128] 在馆    
2 0394393   203943938   第三借阅区/ [索取号:O171/128] 在馆    
3 0394394   203943947   第三借阅区/ [索取号:O171/128] 在馆    
4 0394395   203943956   第三借阅区/ [索取号:O171/128] 在馆    
5 0394396   203943965   第三借阅区/ [索取号:O171/128] 在馆    
唐山师范学院图书馆 欢迎您!
大连网信软件有限公司© 版权所有